Satunnaisia valtioita pääkaupunkien mukaan - Statistics

Yleistilastot
  • Tätä visaa on pelattu 1 417 kertaa
  • Keskiarvotulos 13 / 20
Vastaustilastot
Pääkaupunki Valtio % Oikein
Brasília Brasilia
100%
Ottawa Kanada
100%
Tukholma Ruotsi
100%
Tokio Japani
99%
Monaco Monaco
99%
Lissabon Portugali
99%
Lontoo Yhdistynyt kuningaskunta
99%
Varsova Puola
98%
Kööpenhamina Tanska
98%
Riika Latvia
97%
Oslo Norja
97%
Berliini Saksa
97%
Vatikaani Vatikaanivaltio
97%
Amsterdam Alankomaat
96%
Kairo Egypti
96%
Dublin Irlanti
96%
Reykjavík Islanti
96%
Luxemburg Luxemburg
96%
México Meksiko
96%
San Marino San Marino
96%
Helsinki Suomi
96%
Bangkok Thaimaa
96%
Washington DC Yhdysvallat
96%
Canberra Australia
95%
Jerusalem Israel
95%
Rooma Italia
95%
Wien Itävalta
95%
Peking Kiina
95%
Ateena Kreikka
95%
Singapore Singapore
95%
Praha Tšekki
95%
Budapest Unkari
95%
Minsk Valko-Venäjä
95%
Moskova Venäjä
95%
Tallinna Viro
95%
Sofia Bulgaria
94%
Ankara Turkki
94%
Andorra la Vella Andorra
93%
Bryssel Belgia
93%
Soul Etelä-Korea
93%
New Delhi Intia
93%
Pariisi Ranska
93%
Bratislava Slovakia
93%
Buenos Aires Argentiina
92%
Kiova Ukraina
92%
Vilna Liettua
91%
Lima Peru
91%
Tunis Tunisia
91%
Madrid Espanja
90%
Panama Panama
90%
Valletta Malta
89%
San Salvador El Salvador
88%
Ljubljana Slovenia
88%
Santiago de Chile Chile
87%
Guatemala Guatemala
87%
Skopje Pohjois-Makedonia
87%
Bukarest Romania
87%
Bern Sveitsi
87%
Havanna Kuuba
86%
Nikosia Kypros
86%
Kuwait Kuwait
85%
Zagreb Kroatia
83%
Pjongjang Pohjois-Korea
83%
Alger Algeria
82%
Belgrad Serbia
82%
Pristina Kosovo
81%
Montevideo Uruguay
81%
Vaduz Liechtenstein
79%
São Tomé São Tomé ja Príncipe
79%
Abu Dhabi Yhdistyneet arabiemiraatit
79%
Sarajevo Bosnia ja Hertsegovina
78%
Jakarta Indonesia
78%
Teheran Iran
78%
Nairobi Kenia
78%
Kuala Lumpur Malesia
78%
Chișinău Moldova
78%
Hanoi Vietnam
78%
Manila Filippiinit
77%
Wellington Uusi-Seelanti
77%
Djibouti Djibouti
76%
Doha Qatar
76%
Riad Saudi-Arabia
76%
Bissau Guinea-Bissau
74%
Kabul Afganistan
73%
Addis Abeba Etiopia
73%
Bogotá Kolumbia
73%
Kathmandu Nepal
73%
Taipei Taiwan
73%
Mogadishu Somalia
70%
Damaskos Syyria
70%
Tirana Albania
69%
Sanaa Jemen
69%
Bagdad Irak
68%
Kingston Jamaika
68%
Podgorica Montenegro
66%
Quito Ecuador
65%
Amman Jordania
65%
Astana Kazakstan
65%
Rabat Marokko
64%
Baku Azerbaidžan
63%
Phnom Penh Kambodža
63%
Beirut Libanon
63%
Ulaanbaatar Mongolia
63%
Tbilisi Georgia
62%
Port-au-Prince Haiti
61%
Malé Malediivit
61%
Nassau Bahama
60%
Caracas Venezuela
60%
Pretoria Etelä-Afrikka
59%
Dhaka Bangladesh
58%
Dakar Senegal
58%
Brazzaville Kongon tasavalta
56%
Islamabad Pakistan
56%
Jerevan Armenia
55%
Vientiane Laos
55%
Tripoli Libya
53%
Kampala Uganda
53%
Taškent Uzbekistan
53%
Thimphu Bhutan
52%
La Paz / Sucre Bolivia
51%
Santo Domingo Dominikaaninen tasavalta
50%
Harare Zimbabwe
50%
Masqat Oman
49%
Accra Ghana
48%
Tegucigalpa Honduras
48%
Kinshasa Kongon demokraattinen tasavalta
48%
Asunción Paraguay
48%
Ašgabat Turkmenistan
47%
Dili Itä-Timor
46%
Windhoek Namibia
46%
Manama Bahrain
45%
Paramaribo Suriname
45%
Bridgetown Barbados
44%
Ouagadougou Burkina Faso
44%
Abuja Nigeria
44%
San José Costa Rica
42%
Belmopan Belize
41%
Biškek Kirgisia
41%
Nukuʻalofa Tonga
41%
Monrovia Liberia
40%
Port Moresby Papua-Uusi-Guinea
40%
Niamey Niger
38%
Antananarivo Madagaskar
37%
Palikir Mikronesia
37%
Kingstown Saint Vincent ja Grenadiinit
37%
Khartum Sudan
37%
Dodoma Tansania
37%
N'Djamena Tšad
37%
Juba Etelä-Sudan
36%
Maputo Mosambik
36%
Managua Nicaragua
36%
Kigali Ruanda
36%
Kotte Sri Lanka
36%
St. George's Grenada
35%
Yamoussoukro Norsunluurannikko
35%
Porto-Novo / Cotonou Benin
34%
Praia Kap Verde
34%
Port Louis Mauritius
34%
Naypyidaw Myanmar
34%
Port of Spain Trinidad ja Tobago
34%
Bamako Mali
33%
Funafuti Tuvalu
33%
Port Vila Vanuatu
33%
Luanda Angola
32%
Libreville Gabon
32%
Georgetown Guyana
32%
Freetown Sierra Leone
32%
Dušanbe Tadžikistan
32%
Gaborone Botswana
31%
Bandar Seri Begawan Brunei
31%
Roseau Dominica
31%
Suva Fidži
31%
Lusaka Sambia
31%
Apia Samoa
31%
Lomé Togo
31%
South Tarawa Kiribati
30%
Moroni Komorit
30%
Ngerulmud Palau
30%
Asmara Eritrea
29%
Basseterre Saint Kitts ja Nevis
29%
Honiara Salomoninsaaret
29%
Banjul Gambia
28%
Yaren Nauru
28%
St. John's Antigua ja Barbuda
27%
Maseru Lesotho
27%
Ciudad de la Paz Päiväntasaajan Guinea
26%
Yaoundé Kamerun
25%
Nouakchott Mauritania
25%
Victoria Seychellit
25%
Castries Saint Lucia
24%
Conakry Guinea
23%
Mbabane Swazimaa
23%
Bangui Keski-Afrikan tasavalta
22%
Gitega Burundi
21%
Majuro Marshallinsaaret
20%
Lilongwe Malawi
18%
Ehtoja vastaavia visoja ei löytynyt
Tulosjakauma
Jokaisen tuloksen saaneiden osuus
Persentiili vastausten määrän mukaan
Tuloshistoriasi
Et ole pelannut tätä visaa